Catálogo
 En Linea

Ley No. 241 Régimen jurídico de tránsito de vehículos. (Registro nro. 13329)

Detalles MARC
000 -CABECERA
campo de control de longitud fija 00293nam a2200109 a 4500
005 - FECHA Y HORA DE LA ÚLTIMA TRANSACCIÓN
campo de control 20200929163325.0
008 - DATOS DE LONGITUD FIJA--INFORMACIÓN GENERAL
campo de control de longitud fija 091127s2000 000 spa d
020 ## - NÚMERO INTERNACIONAL ESTÁNDAR DEL LIBRO
Número Internacional Estándar del Libro 9993444022
040 ## - FUENTE DE LA CATALOGACIÓN
Centro catalogador/agencia de origen DO-SdBNP
245 #0 - MENCIÓN DE TÍTULO
Título Ley No. 241 Régimen jurídico de tránsito de vehículos.
260 ## - PUBLICACIÓN, DISTRIBUCIÓN, ETC.
Lugar de publicación, distribución, etc. Moca,
Fecha de publicación, distribución, etc. 2000.

No hay ítems disponibles.

Con tecnología Koha